00579cam a2200193 a 450000100060000000300080000600500170001400800410003103500190007203500140009104000380010504100080014308200190015110000700017024500410024026000290028130000210031060000540033118348BD-RjUL20211209000255.0140220s1948 enk 000 0beng d a(BD-RjUL)18406 a(BD-RjUL) aVDUbengcVDUd2907dANLdBD-RjUL aeng04a828.8220bLYB1 aLytton, Victor Alexander George Robert Bulwer-Lytton,d1876-1947.10aBulwer-Lytton /cThe Earl of Lytton. aLondon :bBarker,c1948. a111 p. ;c19 cm.10aLytton, Edward Bulwer Lytton,cBaron,d1803-1873.